[Event "Chigorin Memorial 27th"]
[Site "St Petersburg"]
[Date "2019.10.11"]
[Round "7"]
[White "Stepanov, Artem"]
[Black "Serov, Aleksandr"]
[Result "1-0"]
[WhiteElo "1401"]
[BlackElo "1826"]
[PlyCount "99"]
[EventDate "2019.10.05"]
[EventType "swiss"]
[EventRounds "9"]
[EventCountry "RUS"]
[SourceTitle "EXT 2021"]
[Source "ChessBase"]
[SourceDate "2020.10.23"]
[SourceVersion "1"]
[SourceVersionDate "2020.10.23"]
[SourceQuality "1"]

1. e4 c6 2. d4 d5 3. Nc3 dxe4 4. Nxe4 Nd7 5. Be2 Ngf6 6. Nxf6+ Nxf6 7. Nf3 Bf5 8. c3 e6 9. Bf4 Bd6 10. Bxd6 Qxd6 11. 0-0 Nd5 12. Re1 f6 13. Nh4 Bg6 14. Bg4 Bf7 15. Nf5 Qf8 16. c4 Kd8 17. Ng3 Nf4 18. Qf3 g5 19. Qc3 h5 20. Bd1 Bg6 21. c5 Qg7 22. Bb3 Re8 23. Ne2 Nd5 24. Qd2 h4 25. Nc3 Nf4 26. Ne2 Nd5 27. Nc3 Kd7 28. Nxd5 exd5 29. Qb4 Kc7 30. Qa5+ b6 31. Qc3 f5 32. cxb6+ Kxb6 33. Rec1 Qd7 34. Ba4 Re6 35. Qb4+ Kc7 36. Qa5+ Kb7 37. Qb4+ Kc8 38. Qa5 Be8 39. Bb5 Qc7 40. Ba6+ Kd8 41. Qxc7+ Kxc7 42. Re1 Re4 43. Rad1 Bd7 44. f3 Rf4 45. Be2 c5 46. dxc5 Bc6 47. a3 a5 48. b3 Rb8 49. g3 hxg3 50. hxg3 1-0

[Event "Chigorin Memorial 27th"]
[Site "St Petersburg"]
[Date "2019.10.07"]
[Round "3"]
[White "Frolov, Aleksey G"]
[Black "Serov, Aleksandr"]
[Result "0-1"]
[WhiteElo "2093"]
[BlackElo "1826"]
[PlyCount "66"]
[EventDate "2019.10.05"]
[EventType "swiss"]
[EventRounds "9"]
[EventCountry "RUS"]
[SourceTitle "EXT 2020"]
[Source "ChessBase"]
[SourceDate "2019.10.17"]
[SourceVersion "1"]
[SourceVersionDate "2019.10.17"]
[SourceQuality "1"]

1. e4 c6 2. d4 d5 3. e5 Bf5 4. Nd2 Qc8 5. Nb3 e6 6. Nf3 Nd7 7. Be2 Ne7 8. 0-0 c5 9. dxc5 Nc6 10. Nbd4 Bg4 11. Nxc6 bxc6 12. b4 a5 13. c3 Bxf3 14. Bxf3 Nxe5 15. Re1 Nxf3+ 16. Qxf3 Be7 17. a4 Bf6 18. Ra2 0-0 19. Bf4 Qa6 20. Bd6 Qc4 21. Rae2 Rfe8 22. Rb1 e5 23. b5 e4 24. Qe3 Bxc3 25. Rc2 d4 26. Qc1 Qxa4 27. b6 Bb4 28. Rc4 d3 29. Qe3 Qa2 30. Rcc1 Bd2 31. Qd4 Bxc1 32. Rxc1 Qd2 33. Rb1 Qe2 0-1

[Event "St Petersburg Korchnoi Memorial op"]
[Site "St Petersburg"]
[Date "2019.08.19"]
[Round "6"]
[White "Serov, Aleksandr"]
[Black "Krapivin, Alexander"]
[Result "0-1"]
[WhiteElo "1798"]
[BlackElo "2414"]
[PlyCount "92"]
[EventDate "2019.08.14"]
[EventType "swiss"]
[EventRounds "9"]
[EventCountry "RUS"]
[SourceTitle "CBM 192"]
[Source "ChessBase"]
[SourceDate "2019.10.31"]
[SourceVersion "1"]
[SourceVersionDate "2019.10.31"]
[SourceQuality "1"]

1. f4 Nf6 2. Nf3 b6 3. g3 Bb7 4. Bg2 e6 5. 0-0 Be7 6. d3 d5 7. Nbd2 0-0 8. Re1 Nbd7 9. c4 e5 10. fxe5 Ng4 11. Nf1 Ndxe5 12. Nxe5 Nxe5 13. Bf4 Ng6 14. cxd5 Nxf4 15. gxf4 Bb4 16. Nd2 Bxd5 17. Rf1 Bxg2 18. Kxg2 Bxd2 19. Qxd2 Re8 20. Qc2 Re3 21. Rf3 Qd5 22. Raf1 Rae8 23. R1f2 Rxf3 24. Rxf3 Qxa2 25. e4 c5 26. f5 f6 27. Rg3 Qf7 28. Qa4 Rd8 29. h4 h6 30. Qa6 Kh7 31. Kh3 Rd4 32. b3 Qd7 33. h5 b5 34. Qe6 Rd6 35. Qxd7 Rxd7 36. Kg4 Rd4 37. Kf4 Rb4 38. d4 Rxd4 39. Rc3 c4 40. bxc4 Rxc4 41. Ra3 Rc7 42. Rb3 Rb7 43. Ke3 b4 44. Kd4 a5 45. Kc5 Kh8 46. Rb1 b3 0-1

[Event "St Petersburg Korchnoi Memorial op"]
[Site "St Petersburg"]
[Date "2019.08.18"]
[Round "5"]
[White "Zavgorodniaya, Alena"]
[Black "Serov, Aleksandr"]
[Result "0-1"]
[WhiteElo "2105"]
[BlackElo "1798"]
[PlyCount "82"]
[EventDate "2019.08.14"]
[EventType "swiss"]
[EventRounds "9"]
[EventCountry "RUS"]
[SourceTitle "CBM 192"]
[Source "ChessBase"]
[SourceDate "2019.10.31"]
[SourceVersion "1"]
[SourceVersionDate "2019.10.31"]
[SourceQuality "1"]

1. e4 c6 2. d4 d5 3. Nc3 dxe4 4. Nxe4 Nf6 5. Nxf6+ gxf6 6. c3 Bf5 7. Nf3 Nd7 8. g3 Qc7 9. Bg2 e5 10. Nh4 Be6 11. d5 cxd5 12. Bxd5 0-0-0 13. 0-0 Nc5 14. c4 f5 15. b4 Ne4 16. Qa4 Nc3 17. Qxa7 Bxd5 18. cxd5 Bxb4 19. Ba3 Ba5 20. Rab1 Rxd5 21. Nxf5 Re8 22. Nd6+ Rxd6 23. Bxd6 Qxd6 24. Qxb7+ Kd8 25. Rb3 Ne2+ 26. Kh1 Bc7 27. Rf3 f6 28. Qa8+ Ke7 29. Qe4 Nd4 30. Qxh7+ Kd8 31. Rc3 Ba5 32. Re3 Qd5+ 33. Qe4 Qxa2 34. Rd1 Bb6 35. Re2 Qa4 36. Ree1 Qa3 37. Kg2 Re6 38. Ra1 Qb2 39. Ra8+ Ke7 40. Rb1 Qc2 41. Qe1 Qc6+ 0-1

[Event "Chigorin Memorial 26th"]
[Site "St Petersburg"]
[Date "2018.11.02"]
[Round "7"]
[White "Serov, Aleksandr"]
[Black "Wartiovaara, Oliver"]
[Result "1/2-1/2"]
[WhiteElo "1688"]
[BlackElo "1984"]
[PlyCount "88"]
[EventDate "2018.10.27"]
[EventType "swiss"]
[EventRounds "9"]
[EventCountry "RUS"]
[SourceTitle "CBM 187 Extra"]
[Source "ChessBase"]
[SourceDate "2018.11.04"]
[SourceVersion "1"]
[SourceVersionDate "2018.11.04"]
[SourceQuality "1"]

1. Nf3 Nf6 2. g3 g6 3. Bg2 Bg7 4. 0-0 0-0 5. c4 d5 6. cxd5 Nxd5 7. d4 Nb6 8. e4 Bg4 9. e5 c5 10. dxc5 N6d7 11. Qa4 Bxf3 12. Bxf3 Nc6 13. Bxc6 bxc6 14. f4 Nxc5 15. Qxc6 Nd3 16. Nc3 Rb8 17. Qg2 Qb6+ 18. Kh1 Nxc1 19. Nd5 Qb7 20. Raxc1 e6 21. Ne3 Qxg2+ 22. Kxg2 Rxb2+ 23. Rf2 Rxf2+ 24. Kxf2 Rb8 25. Rc2 Bf8 26. Ng4 Kg7 27. Nf6 Be7 28. Ne4 h5 29. Kf3 Rb7 30. h3 a5 31. Nd6 Rd7 32. Rc6 Bd8 33. Ke4 Kf8 34. g4 hxg4 35. hxg4 Rc7 36. Ra6 Rc2 37. Ra8 Ke7 38. Ra7+ Bc7 39. Nb5 Kd7 40. Nxc7 Rxc7 41. Rxa5 Rc4+ 42. Kf3 Rc3+ 43. Kf2 Rc4 44. Kg3 g5 1/2-1/2

[Event "Chigorin Memorial 26th"]
[Site "St Petersburg"]
[Date "2018.10.30"]
[Round "4"]
[White "Vorobyova, Valeriya"]
[Black "Serov, Aleksandr"]
[Result "1-0"]
[WhiteElo "2030"]
[BlackElo "1688"]
[PlyCount "85"]
[EventDate "2018.10.27"]
[EventType "swiss"]
[EventRounds "9"]
[EventCountry "RUS"]
[SourceTitle "CBM 187 Extra"]
[Source "ChessBase"]
[SourceDate "2018.11.04"]
[SourceVersion "1"]
[SourceVersionDate "2018.11.04"]
[SourceQuality "1"]

1. e4 c6 2. d4 d5 3. Nc3 dxe4 4. Nxe4 Nd7 5. Bc4 Ndf6 6. Ng5 e6 7. Ne2 Bd6 8. 0-0 Ne7 9. Ng3 0-0 10. c3 b5 11. Bd3 Bb7 12. N3e4 Ned5 13. Qc2 h6 14. Nxd6 Qxd6 15. Nf3 a6 16. a4 Rac8 17. b3 c5 18. axb5 axb5 19. Bxb5 cxd4 20. Ba3 Qb6 21. Bxf8 Rxc3 22. Qd1 Kxf8 23. Bc4 Nf4 24. Qxd4 Qxd4 25. Nxd4 Bxg2 26. Rfc1 Rxc1+ 27. Rxc1 Ne4 28. Ne2 Nxe2+ 29. Bxe2 Bh3 30. b4 Nf6 31. b5 Nd7 32. Bf3 Ke7 33. Bc6 Nb6 34. Bb7 Bf5 35. Rc7+ Kd6 36. Rxf7 g6 37. Bg2 Kc5 38. Bf1 Be4 39. f3 Bf5 40. Rc7+ Kd5 41. Rc6 Nd7 42. Bc4+ Kd4 43. Bxe6 1-0

[Event "Chigorin Memorial 26th"]
[Site "St Petersburg"]
[Date "2018.10.28"]
[Round "2"]
[White "Rudovskii, Filipp"]
[Black "Serov, Aleksandr"]
[Result "0-1"]
[WhiteElo "2054"]
[BlackElo "1688"]
[PlyCount "55"]
[EventDate "2018.10.27"]
[EventType "swiss"]
[EventRounds "9"]
[EventCountry "RUS"]
[SourceTitle "CBM 187 Extra"]
[Source "ChessBase"]
[SourceDate "2018.11.04"]
[SourceVersion "1"]
[SourceVersionDate "2018.11.04"]
[SourceQuality "1"]

1. e4 c6 2. d4 d5 3. e5 Bf5 4. Nc3 e6 5. g4 Bg6 6. Nge2 c5 7. h4 f6 8. Nf4 Bf7 9. exf6 Nxf6 10. g5 cxd4 11. Qxd4 Nc6 12. Qa4 Nd7 13. Bb5 Qc7 14. Be3 d4 15. Bxd4 Qxf4 16. Bxc6 bxc6 17. Qxc6 Rd8 18. Nb5 Bb4+ 19. c3 0-0 20. cxb4 Ne5 21. Qc3 Qe4+ 22. Qe3 Qxh1+ 23. Ke2 Bh5+ 24. Kd2 Nf3+ 25. Kc3 Rc8+ 26. Kd3 Qxa1 27. Qxe6+ Bf7 28. Qe4 0-1

[Event "St Petersburg Korchnoi Memorial op"]
[Site "St Petersburg"]
[Date "2018.08.22"]
[Round "8"]
[White "Shoshin, Kirill"]
[Black "Serov, Aleksandr"]
[Result "1-0"]
[WhiteElo "1955"]
[BlackElo "1712"]
[PlyCount "51"]
[EventDate "2018.08.15"]
[EventType "swiss"]
[EventRounds "9"]
[EventCountry "RUS"]
[SourceTitle "CBM 186 Extra"]
[Source "ChessBase"]
[SourceDate "2018.08.24"]
[SourceVersion "1"]
[SourceVersionDate "2018.08.24"]
[SourceQuality "1"]

1. d4 Nf6 2. c4 e6 3. Nc3 Bb4 4. e3 0-0 5. a3 Bxc3+ 6. bxc3 b6 7. Bd3 Bb7 8. f3 d5 9. Ne2 Nbd7 10. cxd5 exd5 11. 0-0 Rc8 12. Ng3 c5 13. e4 c4 14. Bb1 h6 15. e5 Ne8 16. Qc2 g6 17. Bxh6 Ng7 18. f4 Re8 19. f5 Nf8 20. Bxg7 Kxg7 21. f6+ Kh7 22. Rf4 Ne6 23. Rh4+ Kg8 24. Qd2 g5 25. Qc2 Nf8 26. Qf5 1-0

[Event "St Petersburg Korchnoi Memorial op"]
[Site "St Petersburg"]
[Date "2018.08.18"]
[Round "4"]
[White "Sirin, Mikhail"]
[Black "Serov, Aleksandr"]
[Result "1-0"]
[WhiteElo "1994"]
[BlackElo "1712"]
[PlyCount "131"]
[EventDate "2018.08.15"]
[EventType "swiss"]
[EventRounds "9"]
[EventCountry "RUS"]
[SourceTitle "CBM 186 Extra"]
[Source "ChessBase"]
[SourceDate "2018.08.24"]
[SourceVersion "1"]
[SourceVersionDate "2018.08.24"]
[SourceQuality "1"]

1. d4 Nf6 2. Nf3 e6 3. g3 d5 4. Bg2 Bd6 5. Bf4 Bxf4 6. gxf4 Qd6 7. Qc1 c5 8. c3 Nc6 9. 0-0 cxd4 10. cxd4 Bd7 11. e3 Rc8 12. Nc3 h6 13. Qd1 g5 14. Ne5 gxf4 15. exf4 Qb4 16. Nxd7 Kxd7 17. Ne2 Rhg8 18. Qd3 Nh5 19. Kh1 Ne7 20. f5 Rg5 21. fxe6+ fxe6 22. f4 Rxg2 23. Kxg2 Nf5 24. Rac1 Rxc1 25. Rxc1 Qxb2 26. Kf3 Qxe2+ 27. Kxe2 Nxf4+ 28. Kd2 Nxd3 29. Kxd3 b6 30. Rg1 a5 31. a4 Kd6 32. Rg8 Kd7 33. Rh8 Kd6 34. h4 Kd7 35. h5 Kd6 36. Rg8 Kd7 37. Rg1 Kd6 38. Rf1 Kd7 39. Rf3 Kd6 40. Kc3 Kc6 41. Rd3 Kc7 42. Kd2 Kd7 43. Ke2 Kd6 44. Kf3 Ng7 45. Kg4 Nf5 46. Rd2 Ne3+ 47. Kf4 Nf5 48. Rb2 Nxd4 49. Rxb6+ Kc5 50. Ra6 Nc6 51. Ra8 Kb4 52. Rh8 d4 53. Rxh6 d3 54. Rxe6 Nd4 55. Re1 d2 56. Rh1 Kc3 57. h6 Ne6+ 58. Ke3 Ng5 59. Rd1 Kb4 60. Rxd2 Kxa4 61. Rb2 Ka3 62. Rb5 Nf7 63. Rxa5+ Kb4 64. Rh5 Nh8 65. h7 Kc4 66. Ke4 1-0

[Event "Chigorin Memorial 25th"]
[Site "St Petersburg"]
[Date "2017.10.23"]
[Round "3"]
[White "Efimenko, Aleksandr"]
[Black "Serov, Aleksandr"]
[Result "1/2-1/2"]
[WhiteElo "1865"]
[BlackElo "1456"]
[PlyCount "88"]
[EventDate "2017.10.21"]
[EventType "swiss"]
[EventRounds "9"]
[EventCountry "RUS"]
[SourceTitle "CBM 181 Extra"]
[Source "ChessBase"]
[SourceDate "2017.12.12"]
[SourceVersion "1"]
[SourceVersionDate "2017.12.12"]
[SourceQuality "1"]

1. e4 c6 2. d4 d5 3. Nc3 dxe4 4. Nxe4 Bf5 5. Ng3 Bg6 6. N1e2 Nd7 7. Nf4 e5 8. Nxg6 hxg6 9. dxe5 Qa5+ 10. Bd2 Qxe5+ 11. Qe2 Bc5 12. Bc3 Qxe2+ 13. Bxe2 Ngf6 14. 0-0 0-0 15. Rad1 Rfe8 16. Bf3 Ne5 17. Be2 Nd5 18. Bd2 f5 19. c4 Nf6 20. Bc1 Neg4 21. h3 Ne5 22. a3 a5 23. Rfe1 Nf7 24. Kf1 Re7 25. Bd3 Rae8 26. Bd2 a4 27. Bc3 Ng5 28. Bc2 b5 29. cxb5 cxb5 30. Bd3 Rb8 31. Be5 Rbb7 32. Rc1 Ba7 33. f4 Nf7 34. Bxf6 Rxe1+ 35. Kxe1 gxf6 36. Ne2 Be3 37. Rc6 Kg7 38. Kd1 Nd8 39. Rd6 Rb8 40. g4 fxg4 41. hxg4 g5 42. f5 Nf7 43. Rd7 Kg8 44. Be4 Ne5 1/2-1/2

[Event "Chigorin Memorial 25th"]
[Site "St Petersburg"]
[Date "2017.10.21"]
[Round "1"]
[White "Petrova, Irina"]
[Black "Serov, Aleksandr"]
[Result "1-0"]
[WhiteElo "2174"]
[BlackElo "1456"]
[PlyCount "95"]
[EventDate "2017.10.21"]
[EventType "swiss"]
[EventRounds "9"]
[EventCountry "RUS"]
[SourceTitle "CBM 181 Extra"]
[Source "ChessBase"]
[SourceDate "2017.12.12"]
[SourceVersion "1"]
[SourceVersionDate "2017.12.12"]
[SourceQuality "1"]

1. e4 c6 2. d4 d5 3. Nc3 dxe4 4. Nxe4 Bf5 5. Ng3 Bg6 6. h4 h6 7. Nf3 Nf6 8. h5 Bh7 9. Bd3 Bxd3 10. Qxd3 e6 11. Bd2 Nbd7 12. 0-0-0 Bd6 13. Ne4 Nxe4 14. Qxe4 Nf6 15. Qe2 Qc7 16. Kb1 0-0-0 17. c4 Bf4 18. Bc3 Rhe8 19. Ne5 Bxe5 20. dxe5 Nd7 21. f4 c5 22. Qg4 Rg8 23. b3 Nb8 24. Rxd8+ Qxd8 25. Rd1 Qe7 26. f5 Nc6 27. Rf1 Qd7 28. Kb2 Kb8 29. f6 g6 30. hxg6 Qd3 31. gxf7 Rxg4 32. f8Q+ Nd8 33. f7 Rxg2+ 34. Ka3 b5 35. Qd6+ Qxd6 36. exd6 Nxf7 37. Rxf7 b4+ 38. Bxb4 cxb4+ 39. Kxb4 Rg8 40. c5 a6 41. c6 h5 42. Rb7+ Ka8 43. Rh7 Rg5 44. d7 Rb5+ 45. Kc4 Rb8 46. c7 Rb7 47. c8Q+ Ka7 48. Qxb7+ 1-0

[Event "Chigorin Memorial 24th"]
[Site "St Petersburg"]
[Date "2016.10.16"]
[Round "2"]
[White "Kolesnikova, Kristina"]
[Black "Serov, Aleksandr"]
[Result "1-0"]
[WhiteElo "2012"]
[BlackElo "1505"]
[PlyCount "65"]
[EventDate "2016.10.15"]
[EventType "swiss"]
[EventRounds "9"]
[EventCountry "RUS"]
[SourceTitle "CBM 175 Extra"]
[Source "ChessBase"]
[SourceDate "2016.12.12"]
[SourceVersion "1"]
[SourceVersionDate "2016.12.12"]
[SourceQuality "1"]

1. Nf3 Nf6 2. g3 d5 3. Bg2 Bf5 4. 0-0 e6 5. d3 Nbd7 6. Nbd2 Bc5 7. c4 c6 8. d4 Bb6 9. b4 0-0 10. Bb2 Re8 11. Qb3 Bc7 12. b5 c5 13. cxd5 exd5 14. dxc5 Rxe2 15. Nd4 Rxd2 16. Nxf5 g6 17. Nh6+ Kf8 18. c6 bxc6 19. Qb4+ c5 20. Qxd2 d4 21. Qg5 Bd6 22. Bh3 Be7 23. Ng4 Nxg4 24. Qxg4 f5 25. Qe2 Nf6 26. Rfe1 Ne4 27. Bf1 Qa5 28. Bxd4 Rd8 29. Be3 Nc3 30. Bh6+ Kg8 31. Qxe7 Ne2+ 32. Rxe2 Rd2 33. Qf8# 1-0